Los principios cooperativos y la Europa Comunitaria (Record no. 122484)

MARC details
000 -LEADER
campo de control de longitud fija 00867nam a2200205 4500
001 - NÚMERO DE CONTROL
campo de control 122484
003 - IDENTIFICADOR DE NÚMERO DE CONTROL
campo de control ES-MaACL
005 - FECHA Y HORA DE LA ÚLTIMA TRANSACCIÓN
campo de control 20230906192003.0
007 - CAMPO FIJO DE DESCRIPCIÓN FÍSICA--INFORMACIÓN GENERAL
campo de control de longitud fija t|
008 - DATOS DE LONGITUD FIJA--INFORMACIÓN GENERAL
campo de control de longitud fija 070214s1973 sp r ||||1| spa d
111 2# - ENTRADA PRINCIPAL--NOMBRE DE CONGRESO/REUNIÓN
Nombre de congreso/reunión o jurisdicción como elemento de entrada Curso de Altos Estudios Cooperativos (
Sede del congreso/Lugar de la reunión Santander (
Fecha del congreso o de la firma del tratado 1972) (
Número del congreso/reunión o número de parte o sección . 2º)
9 (RLIN) 218902
245 14 - MENCIÓN DEL TÍTULO
Título Los principios cooperativos y la Europa Comunitaria
Resto del título : [Memoria y ponencias] /
Mención de responsabilidad, etc. II Curso de Altos Estudios Cooperativos... Santander, 17-29 julio 1972.
260 ## - PUBLICACIÓN, DISTRIBUCIÓN, ETC.
Lugar de publicación, distribución, etc. Zaragoza :
Nombre del editor, distribuidor, etc. Escuela Gerentes Cooperativos. Obra Sindical Cooperación, Centro Nacional de Educación Cooperativa,
Fecha de publicación, distribución, etc. 1973.
300 ## - DESCRIPCIÓN FÍSICA
Extensión 501 p. ;
Dimensiones 22 cm.
490 1# - MENCIÓN DE SERIE
Mención de serie Cuadernos Cooperativos ;
Designación de volumen o secuencia 5
710 2# - ENTRADA AGREGADA--NOMBRE DE ENTIDAD CORPORATIVA
Nombre de entidad corporativa o nombre de jurisdicción como elemento de entrada Escuela de Gerentes Cooperativos (Zaragoza)
9 (RLIN) 3544
830 0# - PUNTO DE ACCESO ADICIONAL DE SERIE-TÍTULO UNIFORME
Título uniforme Cuadernos Cooperativos ;
Designación de volumen o secuencia 5
9 (RLIN) 218848
852 ## - LOCALIZACIÓN
Ubicación ES-MaACL
Número de control de estantería C-54002
Sublocalización o colección R.86887
Holdings
Estatus retirado Estado de pérdida Estado de daño No para préstamo Biblioteca de origen Biblioteca actual Ubicación en estantería Fecha de adquisición Fuente de adquisición Total de préstamos Signatura topográfica completa Código de barras Visto por última vez Precio de reemplazo Tipo de ítem Koha
        Biblioteca del Ateneo de Madrid Biblioteca del Ateneo de Madrid Depósito 2 17/01/2008     C-54002 1127634 23/02/2023 23/02/2023 Libro impreso